000 00736nam a2200217 a 4500
001 000040325
005 20201002034047.0
008 130821s2005 mx 000 0 spa d
020 _a9703212220
040 _aDO-SdBNP
_bspa
_cBNPHU
100 1 _aTario, Francisco
_966618
245 1 3 _aEl machete /
_cFrancisco Tario ; viñetas de F. Castro Pacheco.
260 _aMéxico :
_bUniversidad Nacional Autónoma de México :,
_c2005.
300 _a58 p. ;
_c22 cm.
490 1 _aLunes
_v24
500 _aIncluye datos biográficos del autor p. 5
533 _aFacsímil:
_bMéxico
_cBartolomé Costa Amic,
_d1946
700 1 _aCastro Pacheco, F.
_966619
712 0 _aUniversidad Nacional Autónoma de México
830 0 _aLunes
_v22
_966616
999 _c39815
_d39815